LIBRARY & INFORMATION CENTRE, KCAET, TAVANUR

ONLINE PUBLIC ACCESS CATALOGUE (OPAC)

Tea culture processing and marketing / (Record no. 10008)

MARC details
000 -LEADER
fixed length control field 00508cam a2200193ua 4500
020 ## - INTERNATIONAL STANDARD BOOK NUMBER
ISBN 81-204-0814-4
041 ## - LANGUAGE CODE
Language code of text/sound track or separate title eng
082 ## - DEWEY DECIMAL CLASSIFICATION NUMBER
Classification number 633.72
Item number MUL/TE
100 ## - MAIN ENTRY--AUTHOR NAME
Personal name Mulky, M J .
245 00 - TITLE STATEMENT
Title Tea culture processing and marketing /
250 ## - EDITION STATEMENT
Edition statement 1 /
260 ## - PUBLICATION, DISTRIBUTION, ETC. (IMPRINT)
Place of publication New Delhi :
Name of publisher Oxford & IBH Publishing company ,
Year of publication 1993.
300 ## - PHYSICAL DESCRIPTION
Number of Pages 199 ; .
700 1# - ADDED ENTRY--PERSONAL NAME
Personal name Sharma, V S .
942 ## - ADDED ENTRY ELEMENTS (KOHA)
Koha item type Books
Holdings
Withdrawn status Lost status Damaged status Home library Current library Date acquired Full call number Accession Number Koha item type
      KAUAET KAUAET 07/04/2012 633.72 20062 Books
free website counter